Представление документа в формате MARC21

Поле Инд. ПП Название Значение
Тип записи a
Библиографический уровень m
001 Контрольный номер 18848769-b18a-49a1-aae5-515ff26bf063
005 Дата корректировки 20181109122223.8
008 Кодируемые данные 040712
020 a ISBN 5-279-02407-4
c Цена, тираж 73.26
040 a Служба первич. каталог. НБ ТвГУ
041 0_ a Код языка текста rus
080 a Индекс УДК 316.354:351/354(075.8)
a Индекс УДК 174:316.354:351/354(075.8)
084 a Индекс другой классификации/Индекс ББК С842п5я73-1
a Индекс другой классификации/Индекс ББК Ю705.4я73-1
090 x Авторский знак Б86
a Полочн. индекс С842п5
100 1_ a Автор Ботавина Римма Николаевна
245 10 a Заглавие Этика менеджмента
b Продолж. заглавия учеб. для студентов, обучающихся по экон. специальностям
c Ответственность Р. Н. Ботавина
260 0_ a Место издания Москва
b Издательство Финансы и статистика
c Дата издания 2002
300 a Объем 188,[1] с.
504 a Библиография Библиогр.: с.187.
583 a Действие Получение впервые 291 07.07.2004
k Исполнитель действия НФ "Пушкинская библиотека
650 04 a Основная рубрика Менеджмент
x Основная подрубрика Этика
x Основная подрубрика Учебники для вузов
x Основная подрубрика Социология
653 0_ a Ключевые слова Менеджмент
a Ключевые слова Этика менеджмента
a Ключевые слова Этика менеджера
a Ключевые слова Этика организации
a Ключевые слова Этика в мировой экономике
a Ключевые слова Профессиональная этика
a Ключевые слова Менеджер
852 41 t Порядковый номер экземпляра 2
p Инвентарный номер 787103
p Инвентарный номер 787104
852 41 t Порядковый номер экземпляра 8
p Инвентарный номер 787105
p Инвентарный номер 787106
p Инвентарный номер 787107
p Инвентарный номер 787108
p Инвентарный номер 787109
p Инвентарный номер 787110
p Инвентарный номер 787111
p Инвентарный номер 787112
888 a За счет средств университета
930 a Новая/Ретро учебники
952 p 291.2004 73.26 1 787103
p 291.2004 73.26 1 787104
p 291.2004 73.26 1 787105
p 291.2004 73.26 1 787106
p 291.2004 73.26 1 787107
p 291.2004 73.26 1 787108
p 291.2004 73.26 1 787109
p 291.2004 73.26 1 787110
p 291.2004 73.26 1 787111
p 291.2004 73.26 1 787112
c Вид литературы К ру
954 a Дата поступления на обработку 20040910
999 a Подразделение 2 ч.з.
a Подразделение 2 уч.о.